Manufacturing engineering and technology / (Record no. 15159)
[ view plain ]
| 000 -LEADER | |
|---|---|
| fixed length control field | 00807nam a22002415a 4500 |
| 005 - DATE AND TIME OF LATEST TRANSACTION | |
| control field | 20171214151135.0 |
| 008 - FIXED-LENGTH DATA ELEMENTS--GENERAL INFORMATION | |
| fixed length control field | 110420s2010 si a frb 001 0 eng d |
| 020 ## - INTERNATIONAL STANDARD BOOK NUMBER | |
| International Standard Book Number | 9810681445 |
| 020 ## - INTERNATIONAL STANDARD BOOK NUMBER | |
| International Standard Book Number | 9789810681449 |
| 040 ## - CATALOGING SOURCE | |
| Original cataloging agency | EG-ScBUE |
| Language of cataloging | eng |
| Transcribing agency | EG-ScBUE |
| Modifying agency | EG-ScBUE |
| 082 04 - DEWEY DECIMAL CLASSIFICATION NUMBER | |
| Classification number | 670.42 |
| Item number | KAL |
| Edition number | 22 |
| 100 1# - MAIN ENTRY--PERSONAL NAME | |
| Personal name | Kalpakjian, Serope. |
| 9 (RLIN) | 23239 |
| 245 10 - TITLE STATEMENT | |
| Title | Manufacturing engineering and technology / |
| Statement of responsibility, etc | Serope Kalpakjian, Steven R. Schmid & Hamidon Musa |
| 250 ## - EDITION STATEMENT | |
| Edition statement | 6th ed. |
| 260 ## - PUBLICATION, DISTRIBUTION, ETC. (IMPRINT) | |
| Place of publication, distribution, etc | Singapore : |
| Name of publisher, distributor, etc | Prentice Hall, |
| Date of publication, distribution, etc | 2010. |
| 300 ## - PHYSICAL DESCRIPTION | |
| Extent | xvii, 1180 p. : |
| Other physical details | ill. ; |
| Dimensions | 26 cm. |
| 504 ## - BIBLIOGRAPHY, ETC. NOTE | |
| Bibliography, etc | Includes bibliographical references and index. |
| 650 #7 - SUBJECT ADDED ENTRY--TOPICAL TERM | |
| Topical term or geographic name as entry element | Production engineering. |
| Source of heading or term | BUEsh |
| 9 (RLIN) | 23240 |
| 650 #7 - SUBJECT ADDED ENTRY--TOPICAL TERM | |
| Topical term or geographic name as entry element | Manufacturing processes. |
| Source of heading or term | BUEsh |
| 9 (RLIN) | 23241 |
| 651 ## - SUBJECT ADDED ENTRY--GEOGRAPHIC NAME | |
| Source of heading or term | BUEsh |
| 653 ## - INDEX TERM--UNCONTROLLED | |
| Resource For college | Engineering, Electrical |
| Arrived date list | December2017 |
| 942 ## - ADDED ENTRY ELEMENTS (KOHA) | |
| Source of classification or shelving scheme | Dewey Decimal Classification |
| Withdrawn status | Item status | Source of classification or shelving scheme | Damaged status | Not for loan | Vendor | Home library | Current library | Shelving location | Date acquired | Source of acquisition | Cost, normal purchase price | Total Checkouts | Total Renewals | Full call number | Barcode | Checked out | Date last seen | Date last borrowed | Koha item type | Materials specified (bound volume or other part) |
|---|---|---|---|---|---|---|---|---|---|---|---|---|---|---|---|---|---|---|---|---|
| Dewey Decimal Classification | Baccah | Central Library | Central Library | First floor | 20/04/2011 | 180.00 | 6 | 14 | 670.42 KAL | 000023335 | 18/03/2015 | 16/02/2015 | 16/02/2015 | Book - Borrowing | ||||||
| Dewey Decimal Classification | Baccah | Central Library | Central Library | First floor | 20/04/2011 | 180.00 | 3 | 670.42 KAL | 000023336 | 15/07/2025 | 21/05/2015 | NB - Book (Non borrowing) | ||||||||
| Lost & Replaced | Dewey Decimal Classification | Baccah | Central Library | Central Library | First floor | 20/04/2011 | 180.00 | 8 | 85 | 670.42 KAL | 000023337 | 14/12/2017 | 19/04/2015 | Book - Borrowing | ||||||
| Dewey Decimal Classification | Baccah | Central Library | Central Library | First floor | 20/04/2011 | Purchase | 180.00 | 13 | 78 | 670.42 KAL | 000044541 | 15/07/2025 | 19/05/2016 | Book - Borrowing | ||||||
| Dewey Decimal Classification | Baccah | Central Library | Central Library | First floor | 20/04/2011 | 180.00 | 12 | 79 | 670.42 KAL | 000028698 | 15/07/2025 | 05/10/2022 | Book - Borrowing | |||||||
| Dewey Decimal Classification | Damaged | Baccah | Central Library | Central Library | First floor | 20/04/2011 | 180.00 | 8 | 77 | 670.42 KAL | 000030468 | 24/08/2022 | 13/02/2017 | Book - Borrowing | BOX07 | |||||
| Dewey Decimal Classification | Damaged | Baccah | Central Library | Central Library | First floor | 20/04/2011 | 180.00 | 9 | 55 | 670.42 KAL | 000023341 | 18/08/2021 | 21/12/2016 | Book - Borrowing | BOX07 | |||||
| Dewey Decimal Classification | Damaged | Baccah | Central Library | Central Library | First floor | 20/04/2011 | 180.00 | 18 | 126 | 670.42 KAL | 000023342 | 12/03/2019 | 20/09/2018 | Book - Borrowing | Box 05 | |||||
| Dewey Decimal Classification | Baccah | Central Library | Central Library | First floor | 20/04/2011 | 180.00 | 10 | 139 | 670.42 KAL | 000023343 | 24/08/2022 | 23/02/2022 | Book - Borrowing | |||||||
| Dewey Decimal Classification | Central Library | Central Library | First floor | 14/12/2017 | Purchase | 6 | 42 | 670.42 KAL | 000042650 | 19/11/2024 | 23/05/2021 | Book - Borrowing |